Les buteurs de Chelsea en LDC depuis 2010 - Statistiques

Statistiques générales
  • Ce quiz a été pris 536 fois
    5 depuis la dernière actualisation
  • Le résultat moyen est 39 sur 66
Statistiques - réponses
Nombre de buts Joueur % Correct
1 Antonio Rüdiger
100%
1 Cole Palmer
100%
3 Demba Ba
100%
10 Didier Drogba
100%
8 Eden Hazard
100%
3 Enzo Fernandez
100%
3 João Pedro
100%
3 Mason Mount
100%
2 Moisés Caicedo
100%
1 Pedro
100%
3 Reece James
100%
8 Timo Werner
100%
10 Willian
100%
1 Alejandro Garnacho
75%
1 Ben Chilwell
75%
4 César Azpilicueta
75%
5 Christian Pulisic
75%
4 David Luiz
75%
3 Estêvão Willian
75%
4 Gary Cahill
75%
4 John Terry
75%
6 Jorginho
75%
6 Kai Havertz
75%
2 Mateo Kovacic
75%
1 Michael Essien
75%
8 Oscar
75%
2 Pierre-Emerick Aubameyang
75%
2 Romelu Lukaku
75%
1 Alvaro Morata
50%
1 Andreas Christensen
50%
5 Branislav Ivanovic
50%
4 Cesc Fabregas
50%
2 Diego Costa
50%
1 Emerson Palmieri
50%
1 Florent Malouda
50%
4 Frank Lampard
50%
3 Hakim Ziyech
50%
2 John Obi Mikel
50%
5 Juan Mata
50%
1 Liam Delap
50%
1 Malo Gusto
50%
3 Michy Batshuayi
50%
2 Nemanja Matic
50%
6 Olivier Giroud
50%
3 Raheem Sterling
50%
2 Salomon Kalou
50%
1 Trevoh Chalobah
50%
1 Victor Moses
50%
1 Wesley Fofana
50%
2 André Schürrle
25%
3 Callum Hudson-Odoi
25%
2 Daniel Sturridge
25%
1 Davide Zappacosta
25%
1 Denis Zakaria
25%
10 Fernando Torres
25%
1 Kurt Zouma
25%
1 Loïc Rémy
25%
1 Marc Guiu
25%
7 Nicolas Anelka
25%
7 Ramires
25%
2 Raul Meireles
25%
2 Samuel Eto'o
25%
4 Tammy Abraham
25%
1 Tiémoué Bakayoko
25%
1 Tyrique George
25%
1 Yuri Zhirkov
25%
Aucun quiz correspondant
Distribution des résultats
% des personnes avec chaque résultat
Percentile par nombre de réponses
Votre historique - résultats
Vous n’avez pas pris ce quiz depuis la dernière actualisation